Olympique de Marseille - Joueurs à plus de 100 matchs - Statistiques

Statistiques générales
  • Ce quiz a été pris 5 403 fois
    3 417 depuis la dernière actualisation
  • Le résultat moyen est 14 sur 33
Statistiques - réponses
P Joueurs Matchs % Correct
G Steve Mandanda 613
98%
A Dimitri Payet 326
94%
A Florian Thauvin 281
88%
A André Pierre Gignac 188
70%
M Valentin Rongier 154
66%
M Mathieu Valbuena 331
59%
M Maxime Lopez 150
58%
A André Ayew 209
52%
A Jordan Ayew 147
52%
D Hiroki Sakai 185
50%
A Valère Germain 159
49%
M Benoit Cheyrou 306
47%
D Boubacar Kamara 170
45%
M Morgan Sanson 157
42%
D Souleymane Diawara 164
42%
M Lucho Gonzalez 124
41%
D Bouna Sarr 181
37%
D Rolando 123
36%
D Rod Fanni 198
35%
D Taye Taiwo 272
35%
D Nicolas Nkoulou 207
34%
M Lucas Ocampos 132
33%
D Jordan Amavi 127
31%
D Duje Caleta-Car 130
29%
A Loic Rémy 111
27%
A Brandao 116
26%
D Jérémy Morel 153
26%
D Benjamin Mendy 101
24%
M Stéphane Mbia 102
23%
M André Zambo Anguissa 106
20%
M Alaixys Romao 127
16%
M Charles Kaboré 193
15%
M Pape Gueye 100
11%
Aucun quiz correspondant
Distribution des résultats
% des personnes avec chaque résultat
Percentile par nombre de réponses
Votre historique - résultats
Vous n’avez pas pris ce quiz depuis la dernière actualisation